Normal view
MARC view
- Human
Entry Topical Term
001 - CONTROL NUMBER
- control field: 9606
003 - CONTROL NUMBER IDENTIFIER
- control field: OSt
005 - DATE AND TIME OF LATEST TRANSACTION
- control field: 20251009101731.0
008 - FIXED-LENGTH DATA ELEMENTS
- fixed length control field: 251009|| aca||aabn | a|a d
040 ## - CATALOGING SOURCE
- Original cataloging agency: OSt
- Transcribing agency: OSt
150 ## - HEADING--TOPICAL TERM
- Topical term or geographic name entry element: Human
- General subdivision: Bahaviour
670 ## - SOURCE DATA FOUND
- Source citation: Work cat.: (OSt)5036: TRAPPING THE CUNNING FOX

PORTAL AKMAL
E-MEL JKDM
AKMAL2U
G-BAM
u-PUSTAKA